|
|
|
|
| LEADER |
01150nam a22003132a 4500 |
| 001 |
000231648 |
| 003 |
CZ BrMZK |
| 005 |
20070118103445.0 |
| 007 |
ta |
| 008 |
950101s1987 xr f cze d |
| 015 |
|
|
|a cnb000037230
|
| 035 |
|
|
|a (OCoLC)39409258
|
| 040 |
|
|
|a BOA001
|b cze
|
| 080 |
9 |
|
|a 343:378.4
|
| 100 |
1 |
|
|a Nezkusil, Jiří,
|d 1928-2013
|7 jk01090156
|4 aut
|
| 245 |
0 |
0 |
|a Trestní právo hmotné - zvláštní část :
|b celostátní vysokoškolská učebnice pro studenty právnických fakult /
|c Jiří Nezkusil a kol.
|
| 250 |
|
|
|a 1. vyd.
|
| 260 |
|
|
|a Praha :
|b Panorama,
|c 1987
|
| 300 |
|
|
|a 319 s.
|
| 490 |
1 |
|
|a Učebnice
|
| 504 |
|
|
|a Obsahuje bibliografii
|
| 500 |
|
|
|a Dostupné též v digitální podobě v aplikaci Kramerius
|
| 830 |
|
0 |
|a Učebnice (Panorama)
|0 s
|
| 856 |
4 |
1 |
|u http://www.digitalniknihovna.cz/mzk/uuid/uuid:ab5d9a80-7949-11e5-99af-005056827e52
|y Digitalizovaný dokument
|x NDK
|
| 910 |
|
|
|a BOA001
|b 2-0924.003
|
| 964 |
|
|
|a Trestní právo - učebnice - vysoké školy
|
| 990 |
|
|
|a BK
|
| 991 |
|
|
|b 200701
|
| 996 |
6 |
|
|b 2619896656
|c 2-0924.003
|l MZK
|r Sklad / do 1 hodiny
|n 17
|w 000231648
|u 000010
|a 1
|e BOA001
|j MZK50
|s P
|